A. A. Karavajevová: Píla

Bibliographic Details
Main Author: Povrazník, Ján, 1922-2010 (Author)
Format: Article
Language:Slovak
Subjects:

MARC

LEADER 00000cab a2200000 4500
001 vtls011522345
003 SK-MaSNL
005 20260303181400.0
008 230704|1952 xo |||||||||||||||||slo|
015 |a SNBRB 
035 |a (urnnbn)urn:nbn:sk:snk:ar-0023j0 
035 |a (uuid)2ba3e2c1-58fa-4a50-9d1b-0a6794944750 
035 |a urn:nbn:sk:snk-abeade 
040 |a SNKBUCL  |b slo  |c SNKBUCL  |e AACR2 
041 0 |a slo 
044 |a xo  |c SK 
072 7 |a 821.161.1.09  |x Ruská literatúra (o nej)  |2 konspekt 
080 |a 82.09:821.161.1-31  |2 2011 
080 |a (0:82-95)  |2 2011 
100 1 |a Povrazník, Ján,  |d 1922-2010  |4 aut  |9 159832 
245 1 0 |a A. A. Karavajevová: Píla  |c J. Povrazník 
650 0 7 |a ruské romány  |2 SNKPH  |9 297547 
655 7 |a recenzie  |2 SNKPH  |9 21907 
773 0 |t Slovenské pohľady  |g Roč. 68, č. 2 (1952), s. 143-146 
787 0 8 |i Recenzia:  |a Karavajeva, Anna Aleksandrovna  |t Píla  |d Bratislava : Práca, 1951 
850 |a Slovenská národná knižnica 
852 |a Slovenská národná knižnica 
954 |a odborná, vedecká literatúra pôvodná (slovenská)  |2 lita 
958 |a LX 
958 |a RC 
958 |a RU 
958 |a OND 
958 |a EUIPO 
958 |a article21 
999 |c 2111580  |d 2113510